| 000 | 00406nam a22001457a 4500 | ||
|---|---|---|---|
| 003 | SGT | ||
| 082 |
_a616.5 _bT22C |
||
| 100 | _aCHHABRA, NITIN | ||
| 245 | _aTO DETERMINE THE ASSOCIATION BETWEEN GENITOURINARY CHLAMYDIAL INFECTION AND CHRONIC SPOTANEOUS URTICARIA IN MALE PATIENTS | ||
| 260 |
_aGURUGRAM _bSGT UNIVERSITY _c2022 |
||
| 300 | _a49 | ||
| 650 | _aDERMATOLOGY | ||
| 653 | _aM.D | ||
| 942 |
_2ddc _cTH |
||
| 999 |
_c26585 _d26585 |
||